[Event "Ufa Siamidi Memorial op"]
[Site "Ufa"]
[Date "2009.10.09"]
[Round "7"]
[White "Gavrilov, Vsevolod"]
[Black "Valiullin, Artur"]
[Result "1-0"]
[WhiteElo "2076"]
[BlackElo "1805"]
[PlyCount "49"]
[EventDate "2009.10.03"]
[EventType "swiss"]
[EventRounds "9"]
[EventCountry "RUS"]
[SourceTitle "EXT 2011"]
[Source "ChessBase"]
[SourceDate "2010.11.26"]
[SourceVersion "1"]
[SourceVersionDate "2010.11.26"]
[SourceQuality "1"]

1. Nf3 d5 2. b3 Nf6 3. Bb2 c5 4. e3 Nc6 5. Bb5 a6 6. Bxc6+ bxc6 7. Ne5 Qc7 8. 0-0 e6 9. d3 Bd6 10. f4 Rb8 11. Nd2 a5 12. a4 Ba6 13. Rf3 Rg8 14. Rg3 Ke7 15. Bc3 h6 16. Bxa5 Qb7 17. Bc3 Rbd8 18. Qf3 Bxe5 19. fxe5 Nh7 20. Rf1 Rdf8 21. h4 f6 22. exf6+ Nxf6 23. Bxf6+ Rxf6 24. Rxg7+ Kd6 25. Qg3+ 1-0

[Event "Ufa Siamidi Memorial op"]
[Site "Ufa"]
[Date "2009.10.06"]
[Round "4"]
[White "Jamilov, Robert F"]
[Black "Gavrilov, Vsevolod"]
[Result "1-0"]
[WhiteElo "2372"]
[BlackElo "2076"]
[PlyCount "87"]
[EventDate "2009.10.03"]
[EventType "swiss"]
[EventRounds "9"]
[EventCountry "RUS"]
[SourceTitle "EXT 2011"]
[Source "ChessBase"]
[SourceDate "2010.11.26"]
[SourceVersion "1"]
[SourceVersionDate "2010.11.26"]
[SourceQuality "1"]

1. e4 c6 2. d4 d5 3. exd5 cxd5 4. Bd3 Nc6 5. c3 Nf6 6. Bf4 Bg4 7. Qb3 Na5 8. Qa4+ Bd7 9. Qc2 Rc8 10. Nf3 Qb6 11. a4 e6 12. 0-0 Nb3 13. Ra2 Be7 14. Qd1 0-0 15. Ne5 Bc6 16. Re1 Rfe8 17. Re3 g6 18. Rf3 Nh5 19. Bh6 f5 20. Be3 Bd6 21. Nd2 Bxe5 22. Qxb3 Bc7 23. Qd1 a5 24. Nb3 f4 25. Bd2 e5 26. dxe5 Bxe5 27. Nd4 Bd7 28. h3 Re7 29. Ra3 Rce8 30. Qb3 Bxd4 31. cxd4 Qxb3 32. Rxb3 Bxa4 33. Rb6 Bd1 34. Bb5 Ra8 35. Ra3 f3 36. g4 Ng7 37. Bxa5 Be2 38. Bb4 Rxa3 39. bxa3 Re4 40. Bd7 Rxd4 41. Rxb7 Rd1+ 42. Kh2 d4 43. Rb8+ Kf7 44. Rf8# 1-0

[Event "Sterlitamak op"]
[Site "Sterlitamak"]
[Date "2008.07.01"]
[Round "6"]
[White "Gavrilov, Vsevolod"]
[Black "Jamilov, Robert F"]
[Result "1/2-1/2"]
[WhiteElo "2111"]
[BlackElo "2385"]
[PlyCount "86"]
[EventDate "2008.06.26"]
[EventType "swiss"]
[EventRounds "9"]
[EventCountry "RUS"]
[SourceTitle "EXT 2009"]
[Source "ChessBase"]
[SourceDate "2008.11.26"]
[SourceVersion "1"]
[SourceVersionDate "2008.11.26"]
[SourceQuality "1"]

1. c4 b6 2. Nc3 c5 3. g3 Bb7 4. e4 g6 5. Bg2 Bg7 6. Nge2 d6 7. d3 Nc6 8. Be3 Nf6 9. h3 a6 10. 0-0 0-0 11. Qd2 Rb8 12. d4 cxd4 13. Nxd4 Nxd4 14. Bxd4 b5 15. cxb5 axb5 16. Nd5 Nxd5 17. exd5 Bxd4 18. Qxd4 Qd7 19. Rfe1 b4 20. Qe3 Rfe8 21. Qh6 e5 22. dxe6 Rxe6 23. Bxb7 Rxb7 24. Qf4 Rxe1+ 25. Rxe1 d5 26. Qd4 Rb8 27. Kg2 Qc6 28. Re5 Rd8 29. h4 h5 30. Re7 Ra8 31. Kh2 Qd6 32. Rb7 Rxa2 33. Rb5 Ra6 34. Rxd5 Qf6 35. Kg2 Qxd4 36. Rxd4 Rb6 37. Kf3 Kg7 38. b3 Kf6 39. Ke4 Ke6 40. Kd3 Ke5 41. Rf4 f6 42. Rc4 Kd5 43. Rc8 Rd6 1/2-1/2

[Event "Sterlitamak op"]
[Site "Sterlitamak"]
[Date "2008.06.30"]
[Round "5"]
[White "Gavrilov, Vsevolod"]
[Black "Gumerov, Renant"]
[Result "1-0"]
[WhiteElo "2111"]
[BlackElo "2247"]
[PlyCount "83"]
[EventDate "2008.06.26"]
[EventType "swiss"]
[EventRounds "9"]
[EventCountry "RUS"]
[SourceTitle "EXT 2009"]
[Source "ChessBase"]
[SourceDate "2008.11.26"]
[SourceVersion "1"]
[SourceVersionDate "2008.11.26"]
[SourceQuality "1"]

1. d4 e6 2. Nf3 f5 3. Bf4 d5 4. e3 c6 5. c3 Nd7 6. Nbd2 g6 7. Bd3 Nh6 8. Ng5 Qe7 9. Ndf3 Bg7 10. Qc2 Nf7 11. h4 Bf6 12. Nxf7 Kxf7 13. 0-0-0 b6 14. Qe2 Kg7 15. Rdg1 h5 16. Ne5 Bb7 17. f3 Rag8 18. g4 Bxe5 19. dxe5 Kf7 20. Bg5 Qc5 21. gxf5 gxf5 22. e4 dxe4 23. fxe4 Qxe5 24. exf5 Qxe2 25. Bxe2 c5 26. fxe6+ Kxe6 27. Bc4+ Bd5 28. Re1+ Kd6 29. Rd1 Kc7 30. Rxd5 Rf8 31. Rhd1 Nb8 32. Be7 Re8 33. Bd6+ Kb7 34. Bxb8 Kxb8 35. Rd7 Re4 36. Bd5 Rxh4 37. Rb7+ Kc8 38. Rxa7 Rh6 39. Rf1 Rd6 40. Rf8+ Rd8 41. Ra8+ Kc7 42. Rfxd8 1-0

[Event "Sterlitamak op"]
[Site "Sterlitamak"]
[Date "2008.06.29"]
[Round "4"]
[White "Kiselev, Artiom"]
[Black "Gavrilov, Vsevolod"]
[Result "1/2-1/2"]
[WhiteElo "2263"]
[BlackElo "2111"]
[PlyCount "63"]
[EventDate "2008.06.26"]
[EventType "swiss"]
[EventRounds "9"]
[EventCountry "RUS"]
[SourceTitle "EXT 2009"]
[Source "ChessBase"]
[SourceDate "2008.11.26"]
[SourceVersion "1"]
[SourceVersionDate "2008.11.26"]
[SourceQuality "1"]

1. Nf3 Nf6 2. d4 d5 3. c4 c6 4. Nbd2 Bf5 5. g3 e6 6. Bg2 Bd6 7. b3 Ne4 8. Bb2 Nd7 9. 0-0 Ndf6 10. c5 Bc7 11. b4 Nxd2 12. Nxd2 0-0 13. Qb3 Re8 14. Rad1 Ne4 15. Nxe4 Bxe4 16. f3 Bg6 17. e4 f6 18. Rfe1 Qd7 19. Bc3 Rad8 20. Qb2 Re7 21. a4 Qe8 22. e5 fxe5 23. dxe5 Rf7 24. Rf1 Qf8 25. Bd4 Qe7 26. Qc3 h5 27. Rf2 Qg5 28. Rdf1 h4 29. f4 Qf5 30. gxh4 Qh5 31. Qg3 Rdf8 32. Bf3 1/2-1/2

[Event "Ufa Cup 1st Stage"]
[Site "Ufa"]
[Date "2008.03.18"]
[Round "4"]
[White "Jamilov, Robert F"]
[Black "Gavrilov, Vsevolod"]
[Result "1-0"]
[WhiteElo "2372"]
[BlackElo "2076"]
[PlyCount "54"]
[EventDate "2008.03.15"]
[EventType "swiss"]
[EventRounds "9"]
[EventCountry "RUS"]
[SourceTitle "EXT 2022"]
[Source "ChessBase"]
[SourceDate "2021.10.06"]
[SourceVersion "1"]
[SourceVersionDate "2021.10.06"]
[SourceQuality "1"]

1. e4 c6 2. Nc3 d5 3. Nf3 dxe4 4. Nxe4 Nd7 5. Bc4 e6 6. 0-0 Ngf6 7. Qe2 Nxe4 8. Qxe4 Nf6 9. Qe2 Bd6 10. Ne5 Qc7 11. d4 0-0 12. Bg5 Nd7 13. Bd2 c5 14. c3 b6 15. Rac1 Bb7 16. Bd3 f6 17. Nf3 Rae8 18. dxc5 Bxc5 19. Nd4 e5 20. Nb5 Qb8 21. b4 Be7 22. Qh5 g6 23. Bxg6 hxg6 24. Qxg6+ Kh8 25. Rfe1 f5 26. c4 Rf6 27. Qh5+ Kg7 1-0

[Event "Ufa Cup 09"]
[Site "Ufa"]
[Date "2007.09.24"]
[Round "6"]
[White "Imashev, Ildar"]
[Black "Gavrilov, Vsevolod"]
[Result "1/2-1/2"]
[WhiteElo "2290"]
[BlackElo "2077"]
[PlyCount "92"]
[EventDate "2007.09.17"]
[EventType "swiss"]
[EventRounds "9"]
[EventCountry "RUS"]
[SourceTitle "EXT 2009"]
[Source "ChessBase"]
[SourceDate "2008.11.26"]
[SourceVersion "1"]
[SourceVersionDate "2008.11.26"]
[SourceQuality "1"]

1. e4 c6 2. d4 d5 3. e5 Bf5 4. Nd2 e6 5. Nb3 Nd7 6. Be3 Qc7 7. Nf3 Ne7 8. Be2 Bg6 9. 0-0 Nf5 10. Bf4 h5 11. Qd2 Be7 12. c3 h4 13. Rfe1 Bh5 14. Nc1 0-0-0 15. Nd3 Bxf3 16. Bxf3 Rdg8 17. Bg5 Qd8 18. Bxe7 Qxe7 19. b4 g5 20. h3 Nh6 21. Bg4 Nxg4 22. hxg4 Kb8 23. a4 Rc8 24. Qe3 Ka8 25. a5 Rhd8 26. Rab1 Re8 27. Nc5 Nxc5 28. bxc5 a6 29. Rb6 Rc7 30. Qe2 Qd7 31. Qd2 Rg8 32. Re3 Rg6 33. Rf3 Qe7 34. Qd3 Ka7 35. Kh2 Rc8 36. Qb1 Qc7 37. Kg1 Rb8 38. Re3 Rf8 39. Rf3 Rb8 40. Qd3 Rh8 41. Re3 Rf8 42. Re2 Rd8 43. Reb2 Rb8 44. Qc2 Rh6 45. Qd2 Rg6 46. Qd3 Rh6 1/2-1/2

[Event "Anapa U18"]
[Site "Anapa"]
[Date "2007.08.??"]
[Round "1"]
[White "Matsenko, Sergei"]
[Black "Gavrilov, Vsevolod"]
[Result "1/2-1/2"]
[WhiteElo "2406"]
[BlackElo "2079"]
[PlyCount "61"]
[EventDate "2007.08.25"]
[EventType "swiss"]
[EventRounds "9"]
[EventCountry "RUS"]
[SourceTitle "EXT 2022"]
[Source "ChessBase"]
[SourceDate "2021.10.06"]
[SourceVersion "1"]
[SourceVersionDate "2021.10.06"]
[SourceQuality "1"]

1. e4 c6 2. d4 d5 3. e5 Bf5 4. Nc3 e6 5. g4 Bg6 6. Nge2 c5 7. Be3 Qb6 8. Na4 Qa5+ 9. c3 c4 10. b4 Qc7 11. Nf4 Ne7 12. Bg2 Nd7 13. Qe2 Qc6 14. Nb2 a5 15. bxa5 Rxa5 16. h4 h6 17. Nxg6 Nxg6 18. h5 Ne7 19. 0-0 g6 20. f4 Bg7 21. Bh3 Rg8 22. Kh2 gxh5 23. gxh5 b5 24. Qc2 Ra7 25. a4 bxa4 26. Nxa4 Ra8 27. Bf2 Bf8 28. Bh4 Nc8 29. f5 Ncb6 30. Nxb6 Rxa1 31. Nxd7 1/2-1/2

[Event "Penza op U16"]
[Site "Penza"]
[Date "2006.11.06"]
[Round "5"]
[White "Dimukhametov, Artur"]
[Black "Gavrilov, Vsevolod"]
[Result "1-0"]
[WhiteElo "2236"]
[BlackElo "2027"]
[PlyCount "61"]
[EventDate "2006.11.01"]
[EventType "swiss"]
[EventRounds "7"]
[EventCountry "RUS"]
[SourceTitle "EXT 2007"]
[Source "ChessBase"]
[SourceDate "2006.11.23"]
[SourceVersion "1"]
[SourceVersionDate "2006.11.23"]
[SourceQuality "1"]

1. d4 Nf6 2. c4 g6 3. Nc3 Bg7 4. Nf3 d6 5. g3 0-0 6. Bg2 Bg4 7. 0-0 Qc8 8. e4 Nc6 9. Be3 e5 10. d5 Ne7 11. c5 Ne8 12. Qb3 Bxf3 13. Bxf3 f5 14. Bg5 Bf6 15. Bd2 b6 16. cxd6 Nxd6 17. Rac1 Qd7 18. Bg2 Kh8 19. f4 Bg7 20. fxe5 Bxe5 21. Bf4 Bd4+ 22. Kh1 fxe4 23. Nxe4 Nef5 24. Ng5 Bf6 25. Ne6 Rfc8 26. g4 Nd4 27. Qe3 Nxe6 28. dxe6 Qe7 29. Bxa8 Rxa8 30. Qf3 Rf8 31. Bh6 1-0

[Event "Ufa op"]
[Site "Ufa"]
[Date "2006.??.??"]
[Round "8"]
[White "Gavrilov, Vsevolod"]
[Black "Tukhvatullin, Vladislav"]
[Result "0-1"]
[WhiteElo "2025"]
[BlackElo "2185"]
[PlyCount "124"]
[EventDate "2006.??.??"]
[EventType "swiss"]
[EventRounds "11"]
[EventCountry "RUS"]
[SourceTitle "EXT 2008"]
[Source "ChessBase"]
[SourceDate "2007.11.25"]
[SourceVersion "1"]
[SourceVersionDate "2007.11.25"]
[SourceQuality "1"]

1. c4 e5 2. Nc3 d6 3. e4 g6 4. g3 Bg7 5. Bg2 Nc6 6. Nge2 Be6 7. d3 Qd7 8. Nd5 Nce7 9. Be3 c6 10. Ndc3 f5 11. Qd2 Nf6 12. f4 0-0 13. c5 d5 14. fxe5 Ng4 15. exd5 Nxd5 16. Bf4 Nxe5 17. Bxe5 Bxe5 18. d4 Bg7 19. 0-0 Rad8 20. Rad1 Rfe8 21. Rfe1 Bf7 22. Bxd5 Bxd5 23. Nf4 Bf3 24. Rxe8+ Rxe8 25. Nfe2 Qf7 26. b3 g5 27. Rf1 g4 28. Nf4 Qe7 29. Kf2 Rd8 30. Nfe2 Qxc5 31. Qe3 Bxd4 32. Nxd4 Rxd4 33. Qg5+ Kf7 34. Qh5+ Kf8 35. Qh6+ Ke8 36. Re1+ Re4+ 37. Re3 Rxe3 38. Qxe3+ Qxe3+ 39. Kxe3 Ke7 40. Kf4 Kf6 41. b4 b6 42. a4 c5 43. bxc5 bxc5 44. Nb5 Bc6 45. Nxa7 Bxa4 46. Nc8 c4 47. Nb6 Bb3 48. Nd5+ Ke6 49. Nc3 h6 50. Nb5 Bd1 51. Nc3 Bc2 52. Ke3 Ke5 53. Ne2 Kd5 54. Nf4+ Kc5 55. Kd2 Bd3 56. Kc3 Bf1 57. Nh5 Kd5 58. Nf6+ Ke5 59. Ng8 h5 60. Ne7 Ke4 61. Ng8 f4 62. Nf6+ Ke5 0-1